| 000 | 00799nam a2200229 i 4500 | ||
|---|---|---|---|
| 001 | 188633 | ||
| 003 | ES-MaACL | ||
| 005 | 20231223102907.0 | ||
| 008 | 190115s2008 sp abo |||| |bspa d | ||
| 020 | _a978-84-204-7364-2 | ||
| 080 | _a929 Dolgorouky, Sofka | ||
| 080 | _a94(470)"1917/21" | ||
| 100 | 1 |
_aZinovieff, Sofka. _9165974 |
|
| 245 | 1 | 3 |
_aLa princesa roja _b: [una vida revolucionaria] / _cSofka Zinovieff ; traducción de Guillermo Díaz Ceballos. |
| 260 |
_aMadrid : _bAlfaguara, _c[2008] |
||
| 300 |
_a380 p. : _bil., fot., 1 mapa ; _c24 cm. |
||
| 600 | 1 | 7 |
_aDolgorouky, Sofka. _9165975 |
| 651 | 7 |
_aRusia- _xHistoria- _y1917-1921, Revolución. _99336 |
|
| 852 |
_aES-MaACL _jA-14302 _9195764 _bR.151580 _cDEPO1 _dOlim: N-7302 |
||
| 942 |
_2udc _cMONOGRAFIA |
||
| 999 |
_c188633 _d188633 |
||